Caring for aging parents : (Record no. 2083)
[ view plain ]
| 000 -LEADER | |
|---|---|
| fixed length control field | 00979cam a2200265 a 4500 |
| 001 - CONTROL NUMBER | |
| control field | 1126389 |
| 003 - CONTROL NUMBER IDENTIFIER | |
| control field | GBCCL |
| 005 - DATE AND TIME OF LATEST TRANSACTION | |
| control field | 20241126110416.0 |
| 008 - FIXED-LENGTH DATA ELEMENTS--GENERAL INFORMATION | |
| fixed length control field | 941031s1995 mou 000 0 eng |
| 010 ## - | |
| -- | 94039335 |
| 020 ## - INTERNATIONAL STANDARD BOOK NUMBER | |
| International Standard Book Number | 0570046890 |
| 040 ## - CATALOGING SOURCE | |
| Original cataloging agency | DLC |
| Transcribing agency | DLC |
| Modifying agency | DLC |
| 050 00 - | |
| -- | HQ1063.6 |
| -- | .J65 1995 |
| 082 00 - DEWEY DECIMAL CLASSIFICATION NUMBER | |
| Classification number | 306.874 |
| Edition information | 20 |
| Item number | JOH |
| 100 1# - MAIN ENTRY--PERSONAL NAME | |
| Personal name | Johnson, Richard P. |
| 9 (RLIN) | 4274 |
| 245 10 - TITLE STATEMENT | |
| Title | Caring for aging parents : |
| Remainder of title | straight answers that help you serve their needs without ignoring your own / |
| Statement of responsibility, etc. | Richard P. Johnson. |
| 260 ## - PUBLICATION, DISTRIBUTION, ETC. | |
| Place of publication, distribution, etc. | St. Louis : |
| Name of publisher, distributor, etc. | CPH (Concordia Pub. House), |
| Date of publication, distribution, etc. | c1995. |
| 300 ## - PHYSICAL DESCRIPTION | |
| Extent | 190 p. ; |
| Dimensions | 22 cm. |
| 650 #0 - SUBJECT ADDED ENTRY--TOPICAL TERM | |
| Topical term or geographic name entry element | Aging parents |
| General subdivision | Care. |
| 9 (RLIN) | 4275 |
| 650 #0 - SUBJECT ADDED ENTRY--TOPICAL TERM | |
| Topical term or geographic name entry element | Parent and adult child. |
| 9 (RLIN) | 4276 |
| 650 #0 - SUBJECT ADDED ENTRY--TOPICAL TERM | |
| Topical term or geographic name entry element | Aging parents |
| General subdivision | Care |
| -- | Religious aspects |
| -- | Christianity. |
| 9 (RLIN) | 4277 |
| 906 ## - LOCAL DATA ELEMENT F, LDF (RLIN) | |
| a | 7 |
| b | cbc |
| c | orignew |
| d | 1 |
| e | ocip |
| f | 19 |
| g | y-gencatlg |
| 942 ## - ADDED ENTRY ELEMENTS (KOHA) | |
| Source of classification or shelving scheme | Dewey Decimal Classification |
| Koha item type | Books |
| Koha issues (borrowed), all copies | 1 |
| Withdrawn status | Lost status | Source of classification or shelving scheme | Damaged status | Not for loan | Home library | Current Library | Shelving location | Date acquired | Total checkouts | Full call number | Barcode | Date last seen | Date last checked out | Copy number | Price effective from | Koha item type |
|---|---|---|---|---|---|---|---|---|---|---|---|---|---|---|---|---|
| Dewey Decimal Classification | GRACE BIBLE COLLEGE | GRACE BIBLE COLLEGE | General Studies | 2017-06-29 | 1 | 306.874 JOH | 007710 | 2025-05-01 | 2024-09-11 | c.2 | 2017-06-29 | Books | ||||
| Dewey Decimal Classification | GRACE BIBLE COLLEGE | GRACE BIBLE COLLEGE | General Studies | 2017-06-29 | 306.874 JOH | 007709 | 2025-05-01 | c.1 | 2017-06-29 | Books |